Dependance of strength properties of particleboard on the dynamic characteristics of elasticity

Bibliographic Details
Main Author: Beničák, Jozef (Author)
Format: Article
Language:English
PhysicalDescription:Tab. 2, sch. 4, lit. 3 zázn. v angl.
ISBN:8022801879
Subjects:

MARC

LEADER 00000nab a2200000 a 4500
001 vtls000476236
003 SK-MaSNL
005 20260319074236.0
008 140612c1992 xo 0 eng
015 |a SNBRA19rr/mm-uuuuu 
035 |a CL0476370 
040 |a SNKBUCL  |b slo  |c SNKBUCL  |e AACR2 
041 0 |a eng 
044 |a xo  |c SK 
080 |a 674-4  |2 1981 
100 1 |a Beničák, Jozef  |4 aut  |9 320544 
245 1 0 |a Dependance of strength properties of particleboard on the dynamic characteristics of elasticity  |c Jozef Beničák 
300 |b Tab. 2, sch. 4, lit. 3 zázn. v angl. 
650 0 7 |a dosky drevotrieskové  |2 snkbucl  |9 928502 
655 7 |a články zo zborníkov  |2 snkbucl  |9 166140 
773 0 |t Les, drevo, ekológia  |d Zvolen : Technická univerzita, 1992  |g S. 193-201  |z 8022801879 
850 |a Slovenská národná knižnica v Martine  |a MTA001 
852 |a SNK  |b KIS3GCP 
958 |a RK 
992 |a RZB 
999 |c 1581713  |d 1583643